000 00678nam a2200265Ia 4500
008 190123s9999 xx 000 0 und d
020 _a9780516219493
050 _bC156 2003
100 _aCallahan, Theresa S.
245 0 _aAll wrapped up /
245 0 _cby Theresa S. Callahan ; illustrated by mike Gordon.
260 _aNew York, New York :
260 _bChildren's Press,
260 _c2003
300 _a31 pages :
300 _bcolored illustrations ;
300 _c17cm.
440 _aA rookie reader.
500 _a290L
650 _aBrothers and sisters.
650 _aGifts.
700 _aGordon, Mike.
700 _aSeries.
700 _aTitle.
999 _c361010
_d361010